Beyond reengineering how the process-centered organization is changing our work and our lives
Saved in:
| Main Author: | |
|---|---|
| Format: | Book |
| Language: | English |
| Published: |
New York, NY
Harper
1996
|
| Subjects: | |
| Tags: |
Add Tag
No Tags, Be the first to tag this record!
|
| Call Number : | HD 58.87 .H36 1996 |
MARC
| LEADER | 00000nam a2200000 4500 | ||
|---|---|---|---|
| 001 | 45522 | ||
| 003 | MY-KLNDU | ||
| 005 | 20241219004637.0 | ||
| 008 | 120214 1996 nyu i 00 eng | ||
| 020 | |a 9780887308802 | ||
| 039 | 9 | |a 201202280858 |b azraai |y 201202141115 |z rahman | |
| 040 | |a UPNM | ||
| 090 | |a HD 58.87 |b .H36 1996 | ||
| 100 | 1 | |a Hammer, Michael | |
| 245 | 1 | 0 | |a Beyond reengineering |b how the process-centered organization is changing our work and our lives |c Michael Hammer |
| 260 | |a New York, NY |b Harper |c 1996 | ||
| 300 | |a xv, 285 p. |c 21 cm. | ||
| 500 | |a Includes index | ||
| 592 | |a INN/4988 |b 17/02/2012 |c RM55.50 |h Innowawasan | ||
| 650 | 0 | |a Reengineering (management) | |
| 650 | 0 | |a Organizational change | |
| 650 | 0 | |a Industrial organization | |
| 999 | |a vtls000046364 |c 45522 |d 45522 | ||


